name the biggest inland seas. HINT: lakes included - Statistics

General Stats
  • This quiz has been taken 4 times
  • The average score is 6 of 15
Answer Stats
Hint Answer % Correct
it's a very shallow lake lake Erie
75%
it sounds like a Canadian city lake ontario
75%
pirates of the....? carribean sea
50%
it borders 5 countries Caspian sea
50%
the great barrier reef is located within this sea coral sea
50%
it shares a name with a country Irish sea
50%
it's a divisor between Africa and Europe mediterranean
50%
it's one of the biggest lakes in America michigan
50%
an Asian country claims to own the entirety of the sea south china sea
50%
it's located somewhere in europe Adriatic sea
25%
Saudi arabia Arabian sea
25%
it was once the biggest inland sea in the word aral sea
25%
it's the largest freshwater lake in the world lake Superior
25%
it's located between Australia and New Zealand tasman sea
25%
it's the second largest lake in the world lake huron
0%
No matching quizzes found
Score Distribution
Percent of People with Each Score
Percentile by Number Answered
Your Score History
You have not taken this quiz